000
00353nam a2200133Ia 4500
008
231129s9999||||xx |||||||||||||| ||spa||
020
_a
84-8276-075-0
040
_b
spa
082
_a
658.1 A678o
100
_a
Arellano A. Hernando
245
0
_a
La organizacion a su alcance
264
_a
Norma
942
_2
ddc
_c
BKS
999
_c
17825
_d
17825